Statistics for British Things Beginning with B

Click here to take the quiz!

General Stats

  • This quiz has been taken 127 times
    (96 since last reset)
  • The average score is 8 of 15

Answer Stats

HintAnswer% Correct
Once was Posh Spice. Now designer.Beckham
89%
Ziggy StardustBowie
86%
19th century writing sistersBronte
82%
Luxury car makerBentley
77%
Pitcher is to baseball as B____ is to cricketBowler
76%
Bash Street Kids comicBeano
70%
Rectangular chocolate sandwich biscuit.Bourbon
64%
1970s children's TV pink and white catBagpuss
61%
Type of curry invented in UKBalti
57%
Cockney Rhyming Slang for HAIRBarnet Fair
41%
1st Green MP's constituencyBrighton Pavillion
39%
The 4th DoctorBaker (Tom)
29%
1980s band fronted by Annabella LwinBow Wow Wow
19%
Tyger Tyger Burning Bright authorBlake
14%
Messiah Complex - comedianBrand
12%

Score Distribution

Percentile by Number Answered

Percent of People with Each Score

Your Score History

You have not taken this quiz since the last reset